Formule 1 - Vainqueurs du GP de Monte-Carlo, Monaco - Statistiques

Statistiques générales
  • Ce quiz a été pris 123 fois
    79 depuis la dernière actualisation
  • Le résultat moyen est 55 sur 71
Statistiques - réponses
Années Pilotes % Correct
2024 Charles Leclerc
100%
2008 Lewis Hamilton
100%
2016 Lewis Hamilton
100%
2019 Lewis Hamilton
100%
2006 Fernando Alonso
98%
2007 Fernando Alonso
98%
2021 Max Verstappen
98%
2023 Max Verstappen
98%
1994 Michael Schumacher
98%
1995 Michael Schumacher
98%
1997 Michael Schumacher
98%
1999 Michael Schumacher
98%
2001 Michael Schumacher
98%
1987 Ayrton Senna
96%
1989 Ayrton Senna
96%
1990 Ayrton Senna
96%
1991 Ayrton Senna
96%
1992 Ayrton Senna
96%
1993 Ayrton Senna
96%
1983 Keke Rosberg
96%
2025 Lando Norris
96%
2013 Nico Rosberg
96%
2014 Nico Rosberg
96%
2015 Nico Rosberg
96%
2011 Sebastian Vettel
96%
2017 Sebastian Vettel
96%
2022 Sergio Pérez
96%
1984 Alain Prost
94%
1985 Alain Prost
94%
1986 Alain Prost
94%
1988 Alain Prost
94%
2018 Daniel Ricciardo
92%
2009 Jenson Button
92%
1950 Juan Manuel Fangio
89%
1957 Juan Manuel Fangio
89%
1975 Niki Lauda
89%
1976 Niki Lauda
89%
2010 Mark Webber
85%
2012 Mark Webber
85%
1963 Graham Hill
81%
1964 Graham Hill
81%
1965 Graham Hill
81%
1968 Graham Hill
81%
1969 Graham Hill
81%
2005 Kimi Räikkönen
81%
1998 Mika Häkkinen
79%
1981 Gilles Villeneuve
77%
2000 David Coulthard
70%
2002 David Coulthard
70%
1966 Jackie Stewart
68%
1971 Jackie Stewart
68%
1973 Jackie Stewart
68%
2003 Juan Pablo Montoya
64%
1996 Olivier Panis
64%
1959 Jack Brabham
60%
1970 Jochen Rindt
55%
1956 Stirling Moss
51%
1960 Stirling Moss
51%
1961 Stirling Moss
51%
1967 Denny Hulme
49%
2004 Jarno Trulli
49%
1977 Jody Scheckter
45%
1979 Jody Scheckter
45%
1974 Ronnie Peterson
34%
1980 Carlos Reutemann
32%
1955 Maurice Trintignant
32%
1958 Maurice Trintignant
32%
1972 Jean-Pierre Beltoise
28%
1982 Riccardo Patrese
28%
1962 Bruce McLaren
23%
1978 Patrick Depailler
19%
Aucun quiz correspondant
Distribution des résultats
% des personnes avec chaque résultat
Percentile par nombre de réponses
Votre historique - résultats
Vous n’avez pas pris ce quiz depuis la dernière actualisation